003330000a2200121000450000500170000010000320001724500500004926000350009930000100013404000080014436500120015265000470016420120302062738.0 a ABHYANKAR, SHANKAR VASUDEV a SANTA EKNATHANCHA 'JAGLYA'(ABHANG NIRUPAN) aPUNE: ADITYA PRATISHTHAN ,2003 a72 P. aMAR bRS.50/- aSANTA VANGAMAYA /ROOPAK / EKNATH / JAGALYA